Critical thinking skills for dummies (Record no. 397230)

MARC details
000 -LEADER
fixed length control field 00524 a2200205 4500
005 - DATE & TIME
control field 20260406152447.0
008 - FIXED-LENGTH DATA ELEMENTS--GENERAL INFORMATION
fixed length control field 260406b |||||||| |||| 00| 0 eng d
020 ## - ISBN
International Standard Book Number 9789363865679
Price Rs. 895.00
040 ## - CATALOGING SOURCE
Original cataloging agency VIVEKANANDA LIBRARY
082 ## - DDC NUMBER
Classification number 153.42
Book Number C66C(2)
100 ## - MAIN ENTRY--PERSONAL NAME
Personal name Cohen, Martin
245 ## - TITLE STATEMENT
Title Critical thinking skills for dummies
250 ## - EDITION STATEMENT
Edition statement 2nd
260 ## - PUBLICATION, DISTRIBUTION, ETC. (IMPRINT)
Name of publisher, distributor, etc Wiley India
Date of publication, distribution, etc 2025
Place of publication, distribution, etc New Delhi
300 ## - PHYSICAL DESCRIPTION
Pages xii, 354
650 ## - Subject
Subject Critical Thinking
650 ## - Subject
Subject Thinking Skills
650 ## - Subject
Subject Solving Skills
942 ## - ADDED ENTRY ELEMENTS (KOHA)
Koha item type Books
Holdings
Withdrawn status Lost status Source of classification or shelving scheme Damaged status Not for loan Location (home branch) Sublocation or collection (holding branch) Shelving location Date acquired Koha issues (times borrowed) Koha full call number Accession No. Koha date last seen Koha item type
    Dewey Decimal Classification     VIVEKANANDA LIBRARY VIVEKANANDA LIBRARY UIET Library 17/03/2026   153.42 C66C(2) 431094 17/03/2026 Books
    Dewey Decimal Classification     VIVEKANANDA LIBRARY VIVEKANANDA LIBRARY UIET Library 17/03/2026   153.42 C66C(2) 431093 17/03/2026 Books
    Dewey Decimal Classification     VIVEKANANDA LIBRARY VIVEKANANDA LIBRARY UIET Library 17/03/2026   153.42 C66C(2) 431095 17/03/2026 Books
    Dewey Decimal Classification     VIVEKANANDA LIBRARY VIVEKANANDA LIBRARY UIET Library 17/03/2026   153.42 C66C(2) 431097 17/03/2026 Books
    Dewey Decimal Classification     VIVEKANANDA LIBRARY VIVEKANANDA LIBRARY UIET Library 17/03/2026   153.42 C66C(2) 431096 17/03/2026 Books
© Designed and Maintained by Vivekananda Library, MDU Rohtak